Razvitije chozjajstvennogo mechanizma v stroitel'stve i zarubežnyj opyt.

Zosilnenie účinnosti ekonomických nástrojov ako cesta normalizácie fungovania investičnej sféry. Investičný proces v podmienkach centralizovaného rozpočtového financovania. Regulovanie investičného dopytu v podmienkach trhovej ekonomiky (skúsenosti SRN a Fínska). Opatrenia na normalizáciu investičné...

Ausführliche Beschreibung

Gespeichert in:
Bibliographische Detailangaben
1. Verfasser: Merkin, R.M
Format: Buchkapitel
Sprache:Russisch
Schlagworte:
Tags: Tag hinzufügen
Keine Tags, Fügen Sie das erste Tag hinzu!

MARC

LEADER 00000naa a2200000 4500
001 r003239
005 20220819192650.7
041 0 |a rus 
044 |a [SU] 
245 1 0 |a Razvitije chozjajstvennogo mechanizma v stroitel'stve i zarubežnyj opyt.  |c R.M. Merkin 
520 |a Zosilnenie účinnosti ekonomických nástrojov ako cesta normalizácie fungovania investičnej sféry. Investičný proces v podmienkach centralizovaného rozpočtového financovania. Regulovanie investičného dopytu v podmienkach trhovej ekonomiky (skúsenosti SRN a Fínska). Opatrenia na normalizáciu investičného dopytu v ZSSR. Tvorba cien stavebnej produkcie. Protimonopolné opatrenia a prestavba riadenia stavebníctva. 
610 2 0 |a investície 
610 2 0 |a financovanie investícií 
610 2 0 |a hospodárstvo trhové 
610 2 0 |a Nemecko 
610 2 0 |a Fínsko 
610 2 0 |a stavebníctvo 
610 2 0 |a mechanizmus hospodársky 
610 2 0 |a tvorba cien 
610 2 0 |a nástroje ekonomické 
100 1 |a Merkin, R.M.